|
|
|
|
| LEADER |
00000nam a2200000 a 4500 |
| 001 |
vtls001465575 |
| 003 |
SK-MaSNL |
| 005 |
20260301014321.0 |
| 008 |
031219s2002 RU 0 rus |
| 020 |
|
|
|a 5751002482
|
| 035 |
|
|
|a SNK000420880
|
| 040 |
|
|
|a SNK
|b slo
|c SNK
|e AACR2
|
| 044 |
|
|
|a RU
|
| 072 |
|
7 |
|a 021
|x Funkcie, význam a využívanie knižníc
|2 konspekt
|
| 080 |
|
|
|a 02
|2 1981
|
| 080 |
|
|
|a 027.54
|2 1981
|
| 080 |
|
|
|a 021.1/.4
|2 1981
|
| 080 |
|
|
|a 316.72/.75
|2 1981
|
| 080 |
|
|
|a 021.89
|2 1981
|
| 080 |
|
|
|a (470+571)
|2 1981
|
| 080 |
|
|
|a (048.8)
|2 1981
|
| 245 |
1 |
|
|a Pravovyje aspekty dejatel'nosti bibliotek
|b sbornik naučnych statej
|c [sostavitel' O. F. Bojkova]
|
| 250 |
|
|
|a [1. izd.]
|
| 260 |
|
|
|a Moskva
|b Paškov dom
|c 2002
|
| 300 |
|
|
|a 234 s.
|c 20 cm
|
| 648 |
|
7 |
|a 20.-21. stor.
|2 SNK
|9 270701
|
| 650 |
0 |
7 |
|a knihovnícke zákonodarstvo
|2 SNK
|9 68627
|
| 650 |
0 |
7 |
|a funkcia knižníc
|2 SNK
|9 69860
|
| 650 |
0 |
7 |
|a kultúra a spoločnosť
|2 SNK
|9 4083
|
| 650 |
0 |
7 |
|a knihovníctvo
|2 SNKPH
|9 1557
|
| 651 |
|
7 |
|a Rusko
|2 SNKPH
|9 17250
|
| 655 |
|
7 |
|a zbierky
|2 SNK
|9 70533
|
| 655 |
|
7 |
|a príručky
|2 SNK
|9 74364
|
| 655 |
|
7 |
|a právne predpisy
|2 SNK
|9 70481
|
| 655 |
|
7 |
|a štúdie
|2 SNK
|9 57033
|
| 700 |
1 |
|
|a Bojkova, Ol'ga Feoktistovna
|4 zos
|9 302392
|
| 919 |
|
|
|a 5-7510-0248-2
|
| 999 |
|
|
|c 558366
|d 560296
|
| 952 |
|
|
|t P60, <04>, [BOOK], {604}
|a SNK
|b SNK
|y VYP
|7 0
|p 17A0412319
|o snkID 97231
|i snkV 199/2004
|g 4.32
|0 0
|1 0
|4 0
|d 2003-12-19
|l 0
|r 2005-01-02 00:00:00
|w 2026-02-23
|